Vplyv cestovného ruchu na biosféru
Vplyv hospodárskych aktivít na biosféru. Cestovný ruch ako faktor udržateľného rozvoja. Faktory cestovného ruchu vplývajúce na biosféru.
Na minha lista:
| Autor principal: | |
|---|---|
| Formato: | Capítulo de Livro |
| Idioma: | eslovaco |
| Assuntos: | |
| Tags: |
Sem tags, seja o primeiro a adicionar uma tag!
|
MARC
| LEADER | 00000naa a2200000 4500 | ||
|---|---|---|---|
| 001 | 0125235 | ||
| 005 | 20240502072427.9 | ||
| 041 | 0 | |a slo | |
| 044 | |a SK | ||
| 245 | 1 | 0 | |a Vplyv cestovného ruchu na biosféru |c Pavol Plesník |
| 520 | |a Vplyv hospodárskych aktivít na biosféru. Cestovný ruch ako faktor udržateľného rozvoja. Faktory cestovného ruchu vplývajúce na biosféru. | ||
| 610 | 2 | 0 | |a ruch cestovný |
| 610 | 2 | 0 | |a rozvoj trvalo udržateľný |
| 610 | 2 | 0 | |a ochrana prostredia životného |
| 610 | 2 | 0 | |a ochrana prírody |
| 610 | 2 | 0 | |a oddych |
| 610 | 2 | 0 | |a doprava |
| 610 | 2 | 0 | |a odpad komunálny |
| 610 | 2 | 0 | |a zákazníci |
| 100 | 1 | |a Plesník, Pavol, 1956- | |